000 00948nam a22002537a 4500
005 20240530110400.0
008 150119s ua o a 000 j ara d
017 _a2009/1637
_bمصر . دار الكتب المصرية
020 _a9773043487
040 _aEG-CaGPL
041 0 _aara
_heng
082 0 4 _221
_a823.02
_bط/ج د
100 1 _aجراى ، ك.
245 1 0 _aمغامرات شمس /
_cتاليف ك . جراى ؛ رسوم ن . شارات ؛ ترجمة رانية حسين امين
260 _aالقاهرة :
_bدار الياس العصرية للطباعة و النشر ،
_c2009
300 _aبدون ترقيم :
_bصور لو ؛
_c19 سم
650 0 4 _aكتب الاطفال
650 0 4 _aقصص الاطفال
650 0 4 _aثقافة الطفل
700 1 _aشارت ، ن.
_eرسام
700 0 _aرانية حسين امين
_eمترجم
942 _2ddc
_cBK
999 _c60247
_d60247